Symmetries in science (Record no. 7158)

MARC details
000 -LEADER
fixed length control field 00763nam a2200205Ia 4500
003 - CONTROL NUMBER IDENTIFIER
control field IN-BaIIA
008 - FIXED-LENGTH DATA ELEMENTS--GENERAL INFORMATION
fixed length control field 211028s9999 xx 000 0 eng d
020 ## - INTERNATIONAL STANDARD BOOK NUMBER
International Standard Book Number 0-306-40541-5
040 ## - CATALOGING SOURCE
Transcribing agency IIA Library
080 ## - UNIVERSAL DECIMAL CLASSIFICATION NUMBER
Universal Decimal Classification number 530.1
Item number SYM
111 ## - MAIN ENTRY--MEETING NAME
Meeting name or jurisdiction name as entry element Einstein Centennial Celebration Science Symposium
Location of meeting Carbondale
Date of meeting or treaty signing 1979 Feb 23-Mar 2
9 (RLIN) 12278
245 #0 - TITLE STATEMENT
Title Symmetries in science
Remainder of title proceedings of Einstein centennial celebration science Symposium held in Carbondale, February 23 - March 2, 1979
Statement of responsibility, etc. edited by Bruno Gruber and Richard S Millman
260 ## - PUBLICATION, DISTRIBUTION, ETC.
Place of publication, distribution, etc. New York
Name of publisher, distributor, etc. Plenum Press
Date of publication, distribution, etc. 1980
300 ## - PHYSICAL DESCRIPTION
Extent [various pagings.]
650 ## - SUBJECT ADDED ENTRY--TOPICAL TERM
Topical term or geographic name entry element NASA Thesaurus
650 ## - SUBJECT ADDED ENTRY--TOPICAL TERM
Topical term or geographic name entry element Physics
9 (RLIN) 73
700 ## - ADDED ENTRY--PERSONAL NAME
Personal name Gruber, Bruno., ed.
9 (RLIN) 12279
700 ## - ADDED ENTRY--PERSONAL NAME
Personal name Millman, Richard S., ed.
9 (RLIN) 12280
942 ## - ADDED ENTRY ELEMENTS (KOHA)
Koha item type Books
Holdings
Withdrawn status Lost status Damaged status Not for loan Home library Current library Shelving location Date acquired Total Checkouts Full call number Barcode Date last seen Price effective from Koha item type
        IIA Library-Bangalore IIA Library-Bangalore General Stacks 10/09/1982   530.1/ SYM 7953 05/11/2021 10/09/1982 Books

Powered by Koha